000 00369nam a22001337a 4500
008 230602b xxu||||| |||| 00| 0 eng d
020 _a9789966163509
082 _a909.67624
_bFAD
100 _cJeffrey A. Fadiman
245 _aMeru's Golden Age
_bAn Oral History of the Ameru
260 _aNairobi, Kenya
_bKiraitu Murungi Foundation
300 _aX,414p
942 _2ddc
_cBK
999 _c37
_d37